All Nations that hosted Formula 1 Grand Prix - Statistics

General Stats
  • This quiz has been taken 303 times
  • The average score is 27 of 34
Answer Stats
Number of GPs Country % Correct
63 France
98%
74 USA
96%
104 Italy
95%
77 United Kingdom
95%
60 Spain
93%
37 Australia
91%
49 Brazil
91%
79 Germany
91%
22 Mexico
91%
16 China
90%
38 Japan
90%
67 Belgium
88%
69 Monaco
87%
51 Canada
86%
32 Netherlands
85%
8 Russia
85%
37 Austria
84%
1 Qatar
81%
18 Portugal
80%
20 Argentina
79%
3 Saudi Arabia
79%
37 Hungary
77%
23 South Africa
75%
20 Bahrain
71%
13 Singapore
71%
3 India
69%
7 Azerbaijan
66%
9 Turkey
66%
6 Sweden
64%
14 United Arab Emirates
64%
4 South Korea
62%
5 Switzerland
61%
19 Malaysia
59%
1 Morocco
49%
No matching quizzes found
Score Distribution
Percent of People with Each Score
Percentile by Number Answered
Your Score History
You have not taken this quiz